| 000 | 00419nam a22001697a 4500 | ||
|---|---|---|---|
| 005 | 20260303102613.0 | ||
| 008 | 260303b |||||||| |||| 00| 0 eng d | ||
| 020 | _a9788131229064 (pbk) | ||
| 040 | _cPK-LaUMT | ||
| 082 |
_a617.6061 _bMOS-D |
||
| 100 |
_aMosby _99601 |
||
| 245 |
_aDrugs in dentistry / _cby Mosby |
||
| 250 | _a10th ed. | ||
| 260 |
_aMissouri : _bElsevier, _c2012 |
||
| 300 | _a1486 p. | ||
| 942 | _cBK | ||
| 999 |
_c139956 _d139956 |
||